|
|
|
|
| LEADER |
00000cam a22000004a 4500 |
| 001 |
musev2_95779 |
| 003 |
MdBmJHUP |
| 005 |
20230905053212.0 |
| 006 |
m o d |
| 007 |
cr||||||||nn|n |
| 008 |
070305s2009 nju o 00 0 eng d |
| 020 |
|
|
|a 9780813545004
|
| 020 |
|
|
|z 0813545005
|
| 040 |
|
|
|a MdBmJHUP
|c MdBmJHUP
|
| 100 |
1 |
|
|a Behar, Ruth,
|d 1956-
|
| 245 |
1 |
3 |
|a An Island Called Home :
|b Returning to Jewish Cuba /
|c Ruth Behar ; photographs by Humberto Mayol.
|
| 264 |
|
1 |
|a London :
|b Eurospan [distributor],
|c 2009.
|
| 264 |
|
3 |
|a Baltimore, Md. :
|b Project MUSE,
|c 0000
|
| 264 |
|
4 |
|c ©2009.
|
| 300 |
|
|
|a 1 online resource (320 pages).
|
| 336 |
|
|
|a text
|b txt
|2 rdacontent
|
| 337 |
|
|
|a computer
|b c
|2 rdamedia
|
| 338 |
|
|
|a online resource
|b cr
|2 rdacarrier
|
| 505 |
0 |
|
|a TABLE OF CONTENTS -- Running away from home to run toward home -- Blessings for the dead -- Havana -- Traces -- In the provinces -- Shalom to Cuba.
|
| 520 |
|
|
|a This is the story of the author's return to learn about and meet the people who are keeping Judaism alive in Cuba today.
|
| 588 |
|
|
|a Description based on print version record.
|
| 600 |
1 |
7 |
|a Behar, Ruth,
|d 1956-
|2 fast
|0 (OCoLC)fst00156359
|
| 600 |
1 |
0 |
|a Behar, Ruth,
|d 1956-
|
| 650 |
|
7 |
|a Jews, Cuban.
|2 fast
|0 (OCoLC)fst00983430
|
| 650 |
|
7 |
|a Jews.
|2 fast
|0 (OCoLC)fst00983135
|
| 650 |
|
7 |
|a Cuban Americans.
|2 fast
|0 (OCoLC)fst00884777
|
| 650 |
|
6 |
|a Americains d'origine cubaine
|v Biographies.
|
| 650 |
|
6 |
|a Juifs
|z Cuba
|v Biographies.
|
| 650 |
|
0 |
|a Jews, Cuban
|z United States
|v Biography.
|
| 650 |
|
0 |
|a Cuban Americans
|v Biography.
|
| 650 |
|
0 |
|a Jews
|z Cuba
|v Biography.
|
| 651 |
|
7 |
|a United States.
|2 fast
|0 (OCoLC)fst01204155
|
| 651 |
|
7 |
|a Cuba.
|2 fast
|0 (OCoLC)fst01205805
|
| 651 |
|
6 |
|a Cuba
|v Biographies.
|
| 651 |
|
0 |
|a Cuba
|v Biography.
|
| 655 |
|
7 |
|a Autobiographies.
|2 rvmgf
|
| 655 |
|
7 |
|a Autobiographies.
|2 lcgft
|
| 655 |
|
7 |
|a Biographies.
|2 fast
|0 (OCoLC)fst01919896
|
| 655 |
|
7 |
|a Autobiographies.
|2 fast
|0 (OCoLC)fst01919894
|
| 655 |
|
2 |
|a Autobiography
|
| 655 |
|
7 |
|a Electronic books.
|2 local
|
| 710 |
2 |
|
|a Project Muse.
|e distributor
|
| 830 |
|
0 |
|a Book collections on Project MUSE.
|
| 856 |
4 |
0 |
|z Texto completo
|u https://projectmuse.uam.elogim.com/book/95779/
|
| 945 |
|
|
|a Project MUSE - Custom Collection
|